000 01100cam a2200265 a 4500
001 000007517
005 20200929154209.0
008 011221s2001 pr a b 001 e spa d
020 _a1563282097
040 _aDO-SdBNP
_cPIF
_dDLC
082 _a972.959
_bJ61v
100 1 _aJiménez, Félix
_d1959-
_920870
245 1 0 _aVieques y la prensa :
_bel idilio fragmentado /
_cFélix Jiménez.
260 _aSan Juan, Puerto Rico :
_bPlaza Mayor,
_c2001.
300 _a245 p. :
_bil. ;
_c22 cm.
490 1 _aBiblioteca de autores de Puerto Rico ;
504 _aIncluye referencias bibliográficas
651 4 _aIsla De Vieques (P.R.{Rpara}
_xCobertura De Prensa
_920871
651 4 _aIsla De Vieques (P.R.{Rpara}
_xPolítica Y Gobierno
_920872
651 4 _aPuerto Rico,
_xPolítica Y Gobierno
_zIsla De Vieques
_920873
651 4 _aEstados Unidos
_xBases Navales
_zPuerto Rico
_zIsla De Vieques
_920874
651 4 _aEstados Unidos
_xBases Navales
_xCobertura De Prensa
_zIsla De Vieques (P.R.{Rpara}
_920875
830 0 _aBiblioteca de autores de Puerto Rico ;
_99722
910 _aCatalogación por copia / LC
999 _c7298
_d7298